Az államigazgatási eljárási törvény módosításának kérdése
Elmentve itt :
| Szerző: | |
|---|---|
| További közreműködők: | |
| Dokumentumtípus: | Szakdolgozat |
| Megjelent: |
1973
|
| Tárgyszavak: | |
| Online Access: | http://diploma.bibl.u-szeged.hu/18567 |
| LEADER | 00582nta a2200157 i 4500 | ||
|---|---|---|---|
| 001 | dipl18567 | ||
| 005 | 20130314074844.0 | ||
| 008 | 111202s1973 hu om 0|| zxx d | ||
| 040 | |a SZTE Diploma Repozitórium |b hun | ||
| 041 | |a zxx | ||
| 100 | 1 | |a Boros Erzsébet | |
| 245 | 1 | 3 | |a Az államigazgatási eljárási törvény módosításának kérdése |h [elektronikus dokumentum] / |c Erzsébet Boros |
| 260 | |c 1973 | ||
| 650 | 4 | |a Jogi és igazgatási tanulmányok | |
| 700 | 1 | |a Martonyi János |e ths | |
| 856 | 4 | 0 | |u http://diploma.bibl.u-szeged.hu/id/eprint/18567/1/1973_boros_erzsebet.pdf |z Dokumentum-elérés |